BSOP header

'Perhaps there is hope' : (Record no. 40403)

MARC details
000 -LEADER
fixed length control field 00855cam a2200241 i 4500
001 - CONTROL NUMBER
control field 18396291
003 - CONTROL NUMBER IDENTIFIER
control field OSt
005 - DATE AND TIME OF LATEST TRANSACTION
control field 20170210134941.0
008 - FIXED-LENGTH DATA ELEMENTS--GENERAL INFORMATION
fixed length control field 141204s2015 nyu b 001 0 eng
010 ## - LIBRARY OF CONGRESS CONTROL NUMBER
LC control number 2014040275
020 ## - INTERNATIONAL STANDARD BOOK NUMBER
International Standard Book Number 9780567658388 (hbk)
020 ## - INTERNATIONAL STANDARD BOOK NUMBER
Cancelled/invalid ISBN 9780567658371 (epdf)
020 ## - INTERNATIONAL STANDARD BOOK NUMBER
Cancelled/invalid ISBN 9780567672155
040 ## - CATALOGING SOURCE
Original cataloging agency DLC
Language of cataloging eng
Transcribing agency DLC
Description conventions rda
Modifying agency DLC
100 1# - MAIN ENTRY--PERSONAL NAME
Personal name Bier, Miriam J.,
Relator term author.
245 10 - TITLE STATEMENT
Title 'Perhaps there is hope' :
Remainder of title reading Lamentations as a polyphony of pain, penitence, and protest /
Statement of responsibility, etc Miriam J. Bier.
260 ## - PUBLICATION, DISTRIBUTION, ETC. (IMPRINT)
Place of publication, distribution, etc London :
Name of publisher, distributor, etc Bloomsbury T & T,
Date of publication, distribution, etc 2016.
300 ## - PHYSICAL DESCRIPTION
Extent xv, 249 pages ;
Dimensions 24 cm.
490 0# - SERIES STATEMENT
Series statement The library of Hebrew Bible/Old Testament studies ;
Volume number/sequential designation 603
504 ## - BIBLIOGRAPHY, ETC. NOTE
Bibliography, etc Includes bibliographical references (pages 221-231) and index.
630 00 - SUBJECT ADDED ENTRY--UNIFORM TITLE
Uniform title Bible.
Name of part/section of a work Lamentations
General subdivision Criticism, interpretation, etc.
942 ## - ADDED ENTRY ELEMENTS (KOHA)
Source of classification or shelving scheme Library of Congress Classification
Koha item type Books
Holdings
Withdrawn status Lost status Source of classification or shelving scheme Damaged status Not for loan Home library Current library Shelving location Date acquired Source of acquisition Cost, normal purchase price Inventory number Total Checkouts Full call number Barcode Date last seen Price effective from Koha item type
    Library of Congress Classification     BSOP Library BSOP Library GC 02/10/2017 Book Depository 1787.50 38779   BS1535.2 B47 2016 00048779 02/10/2017 02/10/2017 Books
BSOP

Biblical Seminary of the Philippines
  All rights Reserved
  © 2024

CONTACT INFORMATION

Biblical Seminary of the Philippines,
  77-B Karuhatan Road, Valenzuela City,
  PHILIPPINES 1441
  Phone: +632 8292-6795 / 8292-6798
  Fax : +632 8292-6675
  Email: library@bsop.edu.ph